Collins Cobuild School Dictionary of American English / (Record no. 109766)
[ view plain ]
| 000 -LEADER | |
|---|---|
| fixed length control field | 00366nam a2200133 a 4500 |
| 005 - DATE AND TIME OF LATEST TRANSACTION | |
| control field | 20140414093848.0 |
| 008 - FIXED-LENGTH DATA ELEMENTS--GENERAL INFORMATION | |
| fixed length control field | 110610s19uu xx 00 eng d |
| 020 ## - INTERNATIONAL STANDARD BOOK NUMBER | |
| International Standard Book Number | 9781424007936 |
| 050 ## - LIBRARY OF CONGRESS CALL NUMBER | |
| Classification number | CD 423 |
| Item number | COL 2008 |
| 245 ## - TITLE STATEMENT | |
| Title | Collins Cobuild School Dictionary of American English / |
| Statement of responsibility, etc | Collins. |
| 260 ## - PUBLICATION, DISTRIBUTION, ETC. (IMPRINT) | |
| Name of publisher, distributor, etc | Harper Collins, |
| Date of publication, distribution, etc | 2008. |
| 942 ## - ADDED ENTRY ELEMENTS (KOHA) | |
| Koha item type | Audio Visual Materials |
| Withdrawn status | Lost status | Damaged status | Home library | Current library | Shelving location | Date acquired | Source of acquisition | Total Checkouts | Full call number | Barcode | Date last seen | Price effective from | Koha item type |
|---|---|---|---|---|---|---|---|---|---|---|---|---|---|
| Luxembourg Library | Luxembourg Library | Audio Visual Material Section | 06/10/2011 | CD 423 COL 2008 | AV1435 | 04/14/2014 | 04/14/2014 | Audio Visual Materials |